000 00538nam a2200193Ia 4500
005 20250326144908.0
008 250326s9999 xx 000 0 und d
020 _a0-7668-2872-7
037 _aTextbook
040 _aFMSL
_beng
_cFMSL
041 _aeng
_2eng
084 _aX:89Q8 P2
_qFMSL
100 _aFryman M A
_9750281
245 0 _aQuality and process improvement
_cFryman M A
260 _aUnited Kingdom
_bUnited Kingdom, Delmar
_c2002
300 _a374p
942 _cTB
_hX:89Q8 P2
999 _c1305513
_d1305513